[Event "NOR-ch Elite 2017"]
[Site "Stavanger"]
[Date "2017.07.06"]
[Round "7"]
[White "Holm, Kristian Stuvik"]
[Black "Kaasen, Tor Fredrik"]
[Result "1-0"]
[WhiteElo "2403"]
[BlackElo "2409"]
[Annotator "TA"]
[PlyCount "99"]
[EventDate "2017.??.??"]
[EventType "swiss"]
[EventCountry "NOR"]
[SourceTitle "playchess.com"]
[Source "ChessBase"]
[SourceQuality "1"]

{[%evp 18,98,14,1,17,29,20,18,29,14,25,22,26,11,44,0,0,4,40,22,39,18,9,-25,-8,-33,0,-6,35,40,48,61,61,51,133,91,144,149,159,173,230,221,262,186,261,250,346,280,275,268,308,306,325,294,367,359,525,504,407,301,609,494,502,489,652,644,710,698,709,735,712,729,1202,1183,1156,1170,6068,2788,29990,29985,29998,29999,29999]} 1. d4 Nf6 2. c4 e6 3. Nf3 b6 4. g3 Bb7 5. Bg2 Be7 6. O-O O-O 7. Re1 Na6 8. a3 {E17: Queen's Indian: 4 g3 Bb7 5 Bg2 Be7} d5 9. cxd5 exd5 10. Nc3 {LiveBook: 9 Games. The position is equal.} (10. b4 c6 11. Nc3 Nc7 12. Qb3 Ne6 13. a4 Rb8 14. Ba3 c5 15. Rad1 c4 {1-0 (31) Giri,A (2785)-Romanov,E (2636) Sochi 2017}) 10... Re8 $146 ({Predecessor:} 10... c5 11. Bf4 Re8 12. Rc1 Nc7 13. e3 Ne6 14. Be5 Rc8 15. dxc5 bxc5 {½-½ (54) Smirnov,P (2595)-Maletin,P (2572) Khanty-Mansiysk 2016}) 11. b4 c6 12. Qb3 Nc7 13. a4 Ne6 14. e3 Bd6 15. Bd2 Qe7 16. Reb1 Rab8 17. a5 Ba8 18. axb6 axb6 19. Nh4 g6 20. Qa2 Ng5 ({Avoid the trap} 20... Bxb4 $2 21. Rxb4 $1 {[%mdl 512]} Qxb4 22. Nxd5 $18) 21. Be1 Nge4 ({Don't play} 21... Bxb4 $6 {[#]} 22. Rxb4 $1 {[%mdl 512]} Qxb4 23. Ne4 $14) 22. Na4 Ng4 23. f3 Nxg3 24. hxg3 Qxe3+ 25. Kh1 Nf6 (25... Qh6 $1 $14 26. fxg4 Rxe1+ 27. Rxe1 Bxg3) 26. Qf2 Nh5 ({Black should play} 26... Qe6) 27. f4 $16 Qe7 28. Nf3 Qf8 (28... f6 $142 29. Bd2 Qd7) 29. Kg1 Re7 30. Bd2 Nf6 (30... Rbe8 {is a better defense.}) 31. Ne5 $18 Nh5 32. Re1 f6 33. Nd3 f5 34. Rxe7 Bxe7 35. Qe3 Nf6 36. Qe6+ Kh8 (36... Qf7 $142 37. Qxf7+ Kxf7 38. Nxb6 Rxb6 39. Rxa8 Ne4) 37. Ne5 Re8 38. Qf7 b5 $2 (38... Qxf7 39. Nxf7+ Kg7) 39. Qxf8+ Bxf8 40. Nc5 Bxc5 41. dxc5 Kg8 42. Bc3 Ng4 43. Nxg4 fxg4 44. Ra7 h5 45. Kf2 Kf8 46. Bf1 Kg8 47. Bd3 h4 48. Be5 {White mates.} g5 49. Bh7+ Kf8 50. Bg7# {Precision: White = 67%, Black = 25%.} 1-0

[Event "NOR-ch Elite 2017"]
[Site "Stavanger"]
[Date "2017.07.06"]
[Round "7"]
[White "Lovik, Lasse Ostebo"]
[Black "Mihajlov, Sebastian"]
[Result "1/2-1/2"]
[WhiteElo "2400"]
[BlackElo "2414"]
[Annotator "TA"]
[PlyCount "37"]
[EventDate "2017.??.??"]
[EventType "swiss"]
[EventCountry "NOR"]
[SourceTitle "playchess.com"]
[Source "ChessBase"]
[SourceQuality "1"]

{[%evp 10,17,18,10,18,3,9,14,20,13]} 1. Nf3 Nf6 2. d4 d5 3. c4 c6 4. e3 Bg4 5. Nbd2 e6 6. Bd3 {The position is equal.} Nbd7 {D11: Slav Defence: 3 Nf3 sidelines and 3...Nf6 4 e3 Bg4} 7. O-O Bd6 8. h3 Bh5 9. Qc2 (9. Re1 O-O 10. e4 Bg6 11. Qc2 dxe4 12. Nxe4 Nxe4 13. Bxe4 Bxe4 14. Qxe4 {½-½ (54) Grachev,B (2669)-Vitiugov,N (2738) Kazan 2014}) {Predecessor:} 9... Bg6 $146 10. e4 dxe4 11. Nxe4 Nxe4 12. Bxe4 O-O 13. Bg5 Qc7 14. Bxg6 hxg6 15. Rad1 Rfe8 16. Rfe1 e5 17. dxe5 Nxe5 18. Nxe5 Bxe5 19. b3 {½-½ (19) Kasparov,S (2484)-Matjushin,G (2489) Donetsk 2010} 1/2-1/2

[Event "NOR-ch Elite 2017"]
[Site "Stavanger"]
[Date "2017.07.06"]
[Round "7"]
[White "Fossan, Erik"]
[Black "Aulin-Jansson, Joran"]
[Result "1-0"]
[WhiteElo "2342"]
[BlackElo "2267"]
[Annotator "TA"]
[PlyCount "59"]
[EventDate "2017.??.??"]
[EventType "swiss"]
[EventCountry "NOR"]
[SourceTitle "playchess.com"]
[Source "ChessBase"]
[SourceQuality "1"]

{[%evp 14,59,14,0,12,7,14,8,15,8,14,0,14,0,0,0,14,0,0,0,0,-17,-20,-14,-24,-15,0,0,-2,-2,-2,0,-5,-5,0,0,216,211,442,398,366,328,327,298,1641,1627,1612,1525]} 1. e4 c5 2. c3 e6 3. d4 d5 4. exd5 exd5 5. Be3 cxd4 6. Bxd4 Nc6 7. Nf3 Nxd4 8. Qxd4 Nf6 {B22: Sicilian: 2 c3} (8... a6 9. Bd3 Nf6 10. O-O Be7 11. Nbd2 O-O 12. h3 Bd6 13. Rfe1 Bc7 14. Rad1 Qd6 15. Bc2 Qf4 16. Qxf4 Bxf4 {½-½ (40) Vajda,L (2564)-Arsovic,Z (2468) Cetinje 2009}) 9. Bb5+ Bd7 10. Bxd7+ Qxd7 {The position is equal.} 11. O-O Be7 12. Nbd2 O-O 13. Rfe1 Rfe8 14. h3 $146 ({Predecessor:} 14. Re2 Bf8 15. Rae1 Rxe2 16. Rxe2 {½-½ (68) Van Zyil Smit,K (2100)-McShane,L (2170) London 1995}) 14... h6 15. Qd3 Bc5 16. Nd4 Qa4 (16... Bxd4 $5 17. Qxd4 Qb5 $11) 17. Qb5 Qxb5 18. Nxb5 a6 19. Rxe8+ Rxe8 20. Nb3 $1 axb5 21. Nxc5 $11 {[%mdl 4096] Endgame KRN-KRN} Re2 22. Rb1 Ne4 23. Nxb7 Nxf2 24. Nd6 b4 $2 {[#]} (24... Nd3 $1 $11 {and Black stays safe.}) 25. cxb4 $18 {[%cal Bc3b4,Bb4b5,Bb5b6][%mdl 32]} d4 $2 (25... Ne4) 26. b5 d3 27. b6 {And now b7 would win.} d2 {[#]} 28. Kf1 $1 {[%cal Rf1e2]} ({Not} 28. b7 Re1+ 29. Kxf2 (29. Kh2 Rxb1 30. b8=Q+ Kh7 $11) 29... Rxb1 $11) 28... d1=Q+ $2 (28... Re6 29. Kxf2 (29. b7 Nd3 $11) 29... Rxd6) 29. Rxd1 Rxb2 30. Nc4 {Precision: White = 67%, Black = 50%.} 1-0

[Event "NOR-ch Elite 2017"]
[Site "Stavanger"]
[Date "2017.07.06"]
[Round "7"]
[White "Gronn, Atle"]
[Black "Lie, Espen"]
[Result "1/2-1/2"]
[WhiteElo "2331"]
[BlackElo "2462"]
[Annotator "TA"]
[PlyCount "123"]
[EventDate "2017.??.??"]
[EventType "swiss"]
[EventCountry "NOR"]
[SourceTitle "playchess.com"]
[Source "ChessBase"]
[SourceQuality "1"]

{[%evp 15,123,20,57,20,25,25,65,62,68,62,60,54,85,77,70,56,56,65,81,76,87,98,90,59,120,77,81,83,91,65,70,76,86,58,48,36,111,108,124,122,110,115,112,120,157,155,168,104,94,91,227,210,210,210,227,227,227,227,233,233,262,80,88,82,159,157,262,269,223,0,181,168,150,198,269,269,269,269,288,295,295,173,295,0,295,0,295,71,270,270,270,0,270,97,141,127,270,270,295,295,295,295,295,295,295,0,0,0,0,0]} 1. Nf3 Nf6 2. c4 g6 3. g3 Bg7 4. Bg2 O-O 5. d4 d6 6. O-O Nc6 7. Nc3 a6 8. Re1 e5 {LiveBook: 9 Games} 9. h3 {E63: King's Indian: Fianchetto: Panno Variation with 7...a6} (9. d5 $5 {[%cal Rd5c6]} Ne7 10. e4 $14) (9. d5 Ne7 10. e4 Nd7 11. Rb1 h6 12. Nh4 f5 13. exf5 g5 14. Ng6 Nxg6 15. fxg6 Qf6 16. Be3 Qxg6 {1-0 (38) Kveinys,A (2534)-Westerinen,H (2319) Fagernes 2016}) 9... Re8 10. d5 Nd4 $146 ({Predecessor:} 10... Ne7 11. e4 Rf8 12. Rb1 a5 13. a3 b6 14. b4 axb4 15. axb4 Bd7 16. Bg5 {1-0 (76) Konikowski,J-Wallach,N ICCF Email 1998}) 11. Nxd4 {White is slightly better.} exd4 12. Qxd4 Ne4 13. Qd3 Nxc3 14. bxc3 b5 15. Bd2 Bd7 16. e4 bxc4 17. Qxc4 Bb5 18. Qb3 Rb8 19. Qc2 Qd7 (19... Rc8 $14) 20. a4 Bc4 21. Rab1 {Black must now prevent Rb4.} a5 22. Kh2 Rxb1 23. Rxb1 Qc8 24. Bf1 Qa6 25. Qd1 $36 {[%mdl 2048] White has good play.} Kf8 (25... Bxf1 $14 26. Qxf1 Qxf1 27. Rxf1 Kf8) 26. Rb5 $1 $16 Bxf1 27. Qxf1 c6 28. dxc6 Qxc6 29. Rxa5 Bxc3 30. Ra6 Qc5 31. Bxc3 (31. Bh6+ $1 $18 Kg8 32. Qe2) 31... Qxc3 $18 {[%mdl 4096] Endgame KQR-KQR} 32. Qd1 Rxe4 (32... Kg7 $16 {keeps fighting.}) 33. Qxd6+ Kg7 34. Ra8 {White wants to mate with Qf8+.} Qb4 35. Qxb4 Rxb4 {KR-KR} 36. Kg2 h5 37. h4 Kf6 38. Kf3 $2 (38. a5 $1 $18) 38... Rb3+ $16 39. Ke4 Rb2 (39... Rb4+ $142 40. Kd5 Rb2) 40. Ra6+ Kg7 (40... Ke7 $16) 41. Ke3 $18 Rb3+ 42. Ke4 Rb2 {[#]} 43. Kf3 $1 Rb3+ 44. Kg2 Ra3 (44... Rd3 $142 45. a5 Rd8) 45. a5 {[%cal Ba4a5,Ba5a6][%mdl 32]} Kg8 46. Ra8+ Kg7 47. a6 Kf6 48. Kf1 (48. a7 $142) 48... Ra2 (48... Kf5 $142 49. Kg2 Ra2) 49. Kg2 Ra3 $1 50. Kf1 Ra2 $1 51. Ra7 $2 (51. a7 $18 {is more deadly.}) 51... Kg7 $2 (51... Ra1+ $16 52. Ke2 Ke5) 52. Ke1 Kf6 53. Kf1 Kg7 $1 {[#]} 54. Kg1 $2 (54. f3 $1 $18 {and the rest is easy.}) 54... Kf6 55. Kg2 Ra3 (55... Ra1 $16 56. Ra8 Ra2) 56. Ra8 Kg7 57. f3 Ra2+ 58. Kf1 Ra3 59. Ke2 Kf6 60. g4 $2 (60. Kf2 $18) 60... Ke5 $1 $11 61. gxh5 gxh5 62. Rh8 {Precision: White = 53%, Black = 38%.} 1/2-1/2

[Event "NOR-ch Elite 2017"]
[Site "Stavanger"]
[Date "2017.07.06"]
[Round "7"]
[White "Tryggestad, Andreas Garberg"]
[Black "Haldorsen, Benjamin"]
[Result "1/2-1/2"]
[WhiteElo "2324"]
[BlackElo "2370"]
[Annotator "NA"]
[PlyCount "201"]
[EventDate "2017.??.??"]
[EventType "swiss"]
[EventCountry "NOR"]
[SourceTitle "playchess.com"]
[Source "ChessBase"]
[SourceQuality "1"]
[TimeControl "40/5400+30:1800+30"]

1. d4 {[%emt 0:00:00]} d5 {[%emt 0:01:53]} 2. c4 {[%emt 0:00:00]} dxc4 {[%emt 0:01:06]} 3. Nf3 {[%emt 0:00:00]} Nf6 {[%emt 0:00:28]} 4. e3 {[%emt 0:00:00]} e6 {[%emt 0:00:08]} 5. Bxc4 {[%emt 0:00:00]} a6 {[%emt 0:00:02]} 6. a4 {[%emt 0:00:08]} c5 {[%emt 0:00:06]} 7. O-O {[%emt 0:00:07]} Nc6 {[%emt 0:00:23]} 8. Nc3 {[%emt 0:00:08]} Be7 {[%emt 0:00:05]} 9. Qe2 {[%emt 0:00:18]} O-O {[%emt 0:00:05]} 10. Rd1 {[%emt 0:00:10]} Qc7 {[%emt 0:00:01]} 11. dxc5 {[%emt 0:05:04]} Bxc5 {[%emt 0:01:09]} 12. Bd2 {[%emt 0:00:18] D27: Queen's Gambit Accepted: Classical main line: 7 e4!? and 7 a4} b6 {[%emt 0:01:41]} 13. Rac1 {[%emt 0:00:47]} (13. Bd3 Bb7 14. Ne4 Nxe4 15. Bxe4 f5 16. Bc2 Rae8 17. Bc3 h6 18. Bd3 a5 19. Bb5 Kh7 20. Rac1 Rd8 21. Qc4 Qe7 {1-0 (44) Lysyj,I (2595)-Timofeev,A (2664) Dagomys 2008}) 13... Bb7 {[%emt 0:00:15]} 14. Be1 {[%emt 0:01:02]} Ne5 {[%emt 0:12:04]} 15. Nxe5 {[%emt 0:02:39]} Qxe5 {[%emt 0:00:10]} 16. Nb1 $146 {[%emt 0:01:01]} ({Predecessor:} 16. h3 h5 17. Kh1 g5 18. Nb1 Qe4 19. Qf1 a5 {0-1 (32) Faizrakhmanov,R (2190)-Skomorokhin,R (2376) Kazan 2012}) 16... a5 {[%emt 0:09:14]} 17. Bc3 {[%emt 0:00:53]} Qg5 {[%emt 0:00:15]} 18. Qf1 {[%emt 0:00:45]} e5 {[%emt 0:03:22]} (18... Ng4 $17 19. Re1 Rac8) 19. Nd2 {[%emt 0:00:27]} Ng4 {[%emt 0:03:03]} 20. Re1 $1 {[%emt 0:06:10]} Rad8 {[%emt 0:05:37]} 21. Nb3 {[%emt 0:02:19]} (21. h3 $11 Nf6 22. Ba6) 21... Bd6 {[%emt 0:02:17]} ({Black should play} 21... Qh4 $17 {[%csl Gg4][%cal Rh4h2]} 22. h3 {[#]} Nxf2 $1 {[%mdl 512]} 23. Qxf2 Qxc4 24. Nxc5 Qxc5) 22. h3 {[%emt 0:07:03]} Nf6 {[%emt 0:00:32]} 23. Red1 {[%emt 0:00:50]} Ne4 {[%emt 0:00:55]} 24. Bd5 {[%emt 0:01:58]} Nxc3 {[%emt 0:00:20]} 25. Rxc3 {[%emt 0:00:19]} Bc8 {[%emt 0:03:38]} 26. e4 {[%emt 0:00:24]} Bb4 {[%emt 0:05:49]} 27. Rg3 {[%emt 0:00:36]} Qh5 {[%emt 0:00:31]} 28. Rf3 {[%emt 0:00:31]} Rd6 {[%emt 0:03:33]} 29. Nd2 {[%emt 0:01:42]} Rg6 {[%emt 0:01:41]} 30. Kh2 $2 {[%emt 0:00:50]} (30. Qc4 $11 Rf6 31. Qb3) 30... Bg4 $1 {[%emt 0:00:59]} 31. Qc4 {[%emt 0:01:09]} Bxf3 {[%emt 0:02:12]} 32. Nxf3 {[%emt 0:00:17]} Rd6 {[%emt 0:03:16]} 33. Qc7 {[%emt 0:02:02]} ({Better is} 33. Qc1) 33... Bc5 {[%emt 0:00:47]} 34. Rd2 {[%emt 0:11:50] [#]} Qh6 $1 {[%emt 0:00:19]} 35. Kg1 {[%emt 0:06:53]} Qf6 {[%emt 0:00:22]} 36. Rc2 {[%emt 0:07:13]} g6 {[%emt 0:02:22]} 37. Rxc5 {[%emt 0:09:01]} bxc5 {[%emt 0:00:33]} 38. Qxc5 {[%emt 0:00:06] [#]} Rxd5 $1 {[%emt 0:08:30]} 39. Qxd5 {[%emt 0:00:27]} Rd8 {[%emt 0:02:30]} 40. Qxe5 {[%emt 0:05:55]} Qxe5 {[%emt 0:32:22]} 41. Nxe5 {[%emt 0:30:02]} Rd1+ {[%emt 0:00:49]} 42. Kh2 {[%emt 0:00:01]} Rd4 {[%emt 0:00:09]} 43. b3 {[%emt 0:00:04]} Rb4 {[%emt 0:00:05]} 44. Nc4 {[%emt 0:00:12]} Rxb3 {[%emt 0:00:04]} 45. Nxa5 {[%emt 0:00:23]} Rb4 {[%emt 0:00:26]} 46. f3 {[%emt 0:00:06]} f6 {[%emt 0:00:31]} 47. Nc6 {[%emt 0:00:10]} Rxa4 {[%emt 0:00:09]} 48. Ne7+ {[%emt 0:00:05]} Kf7 {[%emt 0:01:39]} 49. Nd5 {[%emt 0:00:06]} Ke6 {[%emt 0:01:40]} 50. Kg3 {[%emt 0:04:51]} Ke5 {[%emt 0:00:37]} 51. Nc3 {[%emt 0:11:32]} Ra3 {[%emt 0:02:54]} 52. Ne2 {[%emt 0:00:38]} g5 {[%emt 0:02:06]} 53. Kf2 {[%emt 0:03:09]} Kd6 {[%emt 0:02:39]} 54. Kg3 {[%emt 0:02:40]} Kc5 {[%emt 0:01:38]} 55. h4 {[%emt 0:00:58]} Ra2 {[%emt 0:01:11]} 56. Nc3 {[%emt 0:00:26]} gxh4+ {[%emt 0:00:22]} 57. Kh3 {[%emt 0:00:20]} Ra1 {[%emt 0:03:48]} 58. Kxh4 {[%emt 0:01:10]} Kd4 {[%emt 0:00:13]} 59. Nd5 {[%emt 0:04:58] [#]} f5 $1 {[%emt 0:00:56]} 60. Nf6 {[%emt 0:02:23]} Ke5 {[%emt 0:01:22]} 61. Nd7+ {[%emt 0:04:12]} Kd6 {[%emt 0:02:38]} 62. Nf6 {[%emt 0:00:00]} Ke5 {[%emt 0:00:00]} (62... Ke6 $5 {[%cal Re6f6]} 63. Kg5 fxe4 64. Nxe4 Kf7 $15) 63. Nd7+ {[%emt 0:00:00]} Ke6 {[%emt 0:00:00]} 64. Nc5+ {[%emt 0:00:00]} Kd6 {[%emt 0:00:00]} 65. Nb3 $2 {[%emt 0:00:00] [#]} (65. Nd3 $11) 65... Ra2 $1 {[%emt 0:00:00]} 66. g3 {[%emt 0:00:00]} fxe4 {[%emt 0:00:00]} 67. fxe4 {[%emt 0:00:00]} Ke5 {[%emt 0:00:00]} 68. Nc5 {[%emt 0:00:00]} Rc2 {[%emt 0:00:00]} 69. Nd7+ $19 {[%emt 0:00:00]} Kxe4 {[%emt 0:00:00]} 70. Kg5 {[%emt 0:00:00]} Rc7 {[%emt 0:00:00]} 71. Nf6+ {[%emt 0:00:00]} Ke5 {[%emt 0:00:00]} 72. Nh5 {[%emt 0:00:00]} Rc6 {[%emt 0:00:00]} 73. Nf4 {[%emt 0:00:00]} h6+ {[%emt 0:00:00]} 74. Kg4 {[%emt 0:00:00]} Ke4 {[%emt 0:00:00]} 75. Kh5 {[%emt 0:00:00]} Kf3 {[%emt 0:00:00]} 76. Ng6 {[%emt 0:00:00]} Kxg3 {[%emt 0:00:00]} 77. Kxh6 {[%emt 0:00:00]} Kg4 {[%emt 0:00:00]} 78. Kg7 {[%emt 0:00:00]} Kg5 {[%emt 0:00:00]} 79. Ne7 {[%emt 0:00:00]} Ra6 {[%emt 0:00:00]} 80. Kf7 {[%emt 0:00:00]} Rf6+ {[%emt 0:00:47]} 81. Ke8 {[%emt 0:00:00]} Rf1 {[%emt 0:00:36]} 82. Kd7 {[%emt 0:00:00]} Kf6 {[%emt 0:00:15]} 83. Nd5+ {[%emt 0:00:00]} Ke5 {[%emt 0:00:17]} 84. Nc7 {[%emt 0:00:00]} Rd1+ {[%emt 0:02:28]} 85. Ke7 {[%emt 0:00:00]} Rh1 {[%emt 0:04:25]} 86. Kd7 {[%emt 0:00:00]} Rh6 {[%emt 0:00:07]} 87. Nb5 {[%emt 0:00:00]} Rb6 {[%emt 0:02:01]} 88. Nc7 {[%emt 0:00:00]} Rd6+ {[%emt 0:00:45]} 89. Ke7 {[%emt 0:00:00]} Rh6 {[%emt 0:00:17]} 90. Kd7 {[%emt 0:00:00]} Kd4 {[%emt 0:00:01]} 91. Ne6+ {[%emt 0:00:00]} Kd5 {[%emt 0:00:08]} 92. Nc7+ {[%emt 0:00:00]} Kc5 {[%emt 0:00:49]} 93. Ne6+ {[%emt 0:00:00]} Kb6 {[%emt 0:00:11]} 94. Kd6 {[%emt 0:00:00]} Rh1 {[%emt 0:00:14]} 95. Nd4 {[%emt 0:00:00]} Rd1 {[%emt 0:00:10]} 96. Kd5 {[%emt 0:00:00]} Kc7 {[%emt 0:00:06]} 97. Kc5 {[%emt 0:00:00]} Rh1 {[%emt 0:00:05]} 98. Kd5 {[%emt 0:00:00]} Rh5+ {[%emt 0:00:05]} 99. Ke4 {[%emt 0:00:00]} Rh4+ {[%emt 0:00:52]} 100. Kd5 {[%emt 0:00:00]} Rxd4+ {[%emt 0:02:31]} 101. Kxd4 1/2-1/2

[Event "NOR-ch Elite 2017"]
[Site "Stavanger"]
[Date "2017.07.06"]
[Round "7"]
[White "Machlik, Endre"]
[Black "Moen, Andreas"]
[Result "1/2-1/2"]
[WhiteElo "2157"]
[BlackElo "2329"]
[Annotator "NA"]
[PlyCount "122"]
[EventDate "2017.??.??"]
[EventType "swiss"]
[EventCountry "NOR"]
[SourceTitle "playchess.com"]
[Source "ChessBase"]
[SourceQuality "1"]
[TimeControl "40/5400+30:1800+30"]

1. d4 {[%emt 0:00:00]} d5 {[%emt 0:00:55]} 2. c4 {[%emt 0:00:00]} dxc4 {[%emt 0:00:17]} 3. e4 {[%emt 0:00:13]} Nc6 {[%emt 0:04:24]} 4. d5 {[%emt 0:00:44]} Ne5 {[%emt 0:00:07]} 5. Bf4 {[%emt 0:00:47]} Ng6 {[%emt 0:00:44]} 6. Bg3 {[%emt 0:00:50] D20: Queen's Gambit Accepted: 3 e3 and 3 e4} (6. Be3 Nf6 7. Nc3 e5 8. f3 Bd6 9. Bxc4 O-O 10. Nge2 a6 11. a4 Nh5 12. O-O Nhf4 13. g3 Nxe2+ 14. Qxe2 {1-0 (41) Sanikidze,T (2520)-Malakhatko,V (2497) Ordu 2017}) 6... e5 {[%emt 0:01:03]} 7. Nc3 {[%emt 0:01:14]} a6 {[%emt 0:04:45]} 8. Bxc4 {[%emt 0:05:06]} Bd6 {[%emt 0:00:34] LiveBook: 7 Games} 9. Nf3 {[%emt 0:00:26]} h5 {[%emt 0:11:29]} 10. h3 {[%emt 0:00:55]} h4 {[%emt 0:00:34]} 11. Bh2 {[%emt 0:00:06]} Nf6 {[%emt 0:00:16]} 12. O-O {[%emt 0:09:05]} Nh5 {[%emt 0:07:18]} 13. Ne2 {[%emt 0:09:34]} Qf6 {[%emt 0:14:00]} 14. Qd3 $146 {[%emt 0:06:03]} Nhf4 {[%emt 0:09:00]} 15. Bxf4 {[%emt 0:11:25]} Nxf4 {[%emt 0:00:33]} 16. Nxf4 {[%emt 0:00:28]} Qxf4 {[%emt 0:00:05]} 17. Qd2 {[%emt 0:15:11]} Qxd2 {[%emt 0:12:25]} (17... g5 $5) 18. Nxd2 {[%emt 0:00:04]} Bd7 {[%emt 0:01:39]} 19. Be2 {[%emt 0:01:15]} g6 {[%emt 0:19:23]} 20. Nc4 {[%emt 0:01:59]} Ke7 {[%emt 0:01:27]} 21. Nxd6 {[%emt 0:03:09]} cxd6 {[%emt 0:02:52]} 22. Rac1 {[%emt 0:01:02]} Rac8 {[%emt 0:00:05]} 23. f3 {[%emt 0:01:05]} f5 {[%emt 0:02:41]} 24. Bd3 {[%emt 0:01:48]} fxe4 {[%emt 0:01:54]} 25. Bxe4 {[%emt 0:10:08]} g5 {[%emt 0:00:08]} 26. Kf2 {[%emt 0:00:12]} a5 {[%emt 0:00:29]} 27. b3 {[%emt 0:04:09]} b5 {[%emt 0:01:11]} 28. a3 {[%emt 0:01:33]} Rc5 {[%emt 0:01:50]} 29. b4 {[%emt 0:06:44]} axb4 {[%emt 0:00:13]} 30. axb4 {[%emt 0:00:06]} Rxc1 {[%emt 0:00:03]} 31. Rxc1 {[%emt 0:00:04]} Ra8 {[%emt 0:00:04]} 32. Rc2 {[%emt 0:05:20]} Ra3 {[%emt 0:01:33]} 33. Rb2 {[%emt 0:01:57]} Kd8 {[%emt 0:00:42]} 34. Ke2 {[%emt 0:00:56]} Rc3 {[%emt 0:01:06]} 35. Bd3 {[%emt 0:00:19]} Ra3 {[%emt 0:00:38]} 36. Kd2 {[%emt 0:00:36]} Kc7 {[%emt 0:00:47]} 37. Kc2 {[%emt 0:00:59]} Kb6 {[%emt 0:00:47]} 38. Rb3 {[%emt 0:00:22]} Ra2+ {[%emt 0:00:14]} 39. Rb2 {[%emt 0:00:04]} Ra8 {[%emt 0:00:22]} 40. Kb3 {[%emt 0:00:36]} Bc8 {[%emt 0:31:00]} 41. Be4 {[%emt 0:03:49]} Bb7 {[%emt 0:00:00]} 42. Ra2 {[%emt 0:00:26]} Rc8 {[%emt 0:00:00]} 43. Rc2 {[%emt 0:00:06]} Rc4 {[%emt 0:00:00]} 44. Rxc4 {[%emt 0:05:22]} bxc4+ {[%emt 0:00:00]} 45. Kxc4 {[%emt 0:00:22]} Ba6+ {[%emt 0:00:00]} 46. Kc3 {[%emt 0:00:25]} Bf1 {[%emt 0:00:00]} 47. f4 {[%emt 0:00:09]} gxf4 {[%emt 0:00:00]} 48. Bf3 {[%emt 0:02:05]} Kb5 {[%emt 0:00:00]} 49. Be4 {[%emt 0:00:19]} Be2 {[%emt 0:00:00]} 50. Kb3 {[%emt 0:01:56]} Bf1 $11 {[%emt 0:00:00]} 51. Kc3 {[%emt 0:00:26]} Ka4 {[%emt 0:00:00]} 52. Bc2+ {[%emt 0:00:44]} Ka3 {[%emt 0:00:00]} 53. Be4 {[%emt 0:00:07]} Be2 {[%emt 0:00:00]} 54. Bf3 {[%emt 0:01:36]} Bf1 {[%emt 0:01:24]} 55. Be4 {[%emt 0:00:13]} Ka4 {[%emt 0:00:15]} 56. Bf3 {[%emt 0:01:09]} Kb5 {[%emt 0:00:36]} 57. Be4 {[%emt 0:00:05]} Be2 {[%emt 0:00:10]} 58. Kb3 {[%emt 0:00:06]} Bd1+ {[%emt 0:00:51]} 59. Kc3 {[%emt 0:00:18]} Ka4 {[%emt 0:01:19]} 60. Kc4 {[%emt 0:00:47]} Be2+ {[%emt 0:01:32]} 61. Kc3 {[%emt 0:00:09]} Kb5 1/2-1/2

[Event "NOR-ch Elite 2017"]
[Site "Stavanger"]
[Date "2017.07.07"]
[Round "8"]
[White "Hammer, Jon Ludvig"]
[Black "Elsness, Frode"]
[Result "1/2-1/2"]
[WhiteElo "2628"]
[BlackElo "2450"]
[Annotator "TA"]
[PlyCount "97"]
[EventDate "2017.??.??"]
[EventType "swiss"]
[EventCountry "NOR"]
[SourceTitle "playchess.com"]
[Source "ChessBase"]
[SourceQuality "1"]

{[%evp 25,97,10,16,0,0,0,0,0,0,0,30,26,18,0,0,0,16,7,19,16,27,6,28,32,31,26,28,34,32,28,29,29,32,30,32,35,50,32,39,39,42,42,45,45,62,62,62,62,46,32,32,32,32,32,32,-45,6,6,6,6,6,6,6,6,6,0,6,0,6,6,6,6,6,6]} 1. d4 Nf6 2. c4 e6 3. Nf3 d5 4. g3 Be7 5. Bg2 O-O 6. O-O dxc4 7. Ne5 Nc6 8. Nxc6 bxc6 9. Na3 Bxa3 10. bxa3 Ba6 11. a4 {E05: Open Catalan: 5 Nf3 Be7} Qd6 12. Qd2 Rab8 13. Qa5 Rb6 $1 {LiveBook: 5 Games} 14. Qc3 Nd5 15. Bxd5 $1 Qxd5 16. Ba3 {[#]} Rfb8 $146 ({Predecessor:} 16... Re8 17. Bc5 Rbb8 18. f3 e5 {½-½ (159) Li,C (2669)-Ganguly,S (2627) Ningbo 2011}) 17. Rfe1 Bc8 18. Bc5 {Strongly threatening e4.} R6b7 19. Ba3 h6 20. Rac1 Bd7 21. Qxc4 Qxc4 22. Rxc4 Rb1 23. Rcc1 Rxc1 (23... R1b6 {looks sharper.} 24. f3 Ra6 25. Rc4 c5 26. Bxc5 Rb2) 24. Rxc1 $11 {[%mdl 4096] Endgame KRB-KRB} f6 25. f3 Kf7 26. Kf2 a6 27. g4 Rb7 28. h4 c5 29. Rxc5 Bxa4 30. h5 Bb5 31. Rc3 a5 32. Rc5 c6 33. e4 Rd7 34. Ke3 Rb7 35. f4 a4 36. f5 Rb8 37. fxe6+ Kxe6 38. Kf4 Rb7 39. Bb4 Kf7 40. Kf5 ({Better is} 40. Bd2 $14) 40... Be2 (40... Bd3 $15 41. a3 Re7) 41. a3 {The position is equal.} Rb5 42. Kf4 Rxc5 43. Bxc5 {KB-KB} Bc4 44. Bb4 Be6 45. Bc5 Bb3 46. Bb4 Be6 47. Ba5 Bb3 48. Bc7 Bc4 49. Bd6 {Precision: White = 61%, Black = 49%.} 1/2-1/2